Communauté de communes de la Terre des Deux Caps - Statistiques

Statistiques générales
  • Ce quiz a été pris 10 fois
  • Le résultat moyen est 17 sur 21
Réponses sur la Carte
Les réponses sont colorées sur une échelle allant du rouge au vert en fonction du pourcentage des utilisateurs qui les ont devinées à leur premier essai. Vous pouvez retrouver ces pourcentages ci-dessous.
 
Statistiques - réponses
Communes % Correct
Ambleteuse
100%
Audembert
100%
Audinghen
100%
Audresselles
100%
Bazinghen
100%
Marquise
100%
Saint Inglevert
100%
Tardinghen
100%
Wissant
100%
Beuvrequen
75%
Ferques
75%
Hervelinghen
75%
Landrethun le Nord
75%
Leulinghen Bernes
75%
Offrethun
75%
Rety
75%
Rinxent
75%
Wierre Effroy
75%
Leubringhen
50%
Maninghen Henne
50%
Wacquinghen
50%
Aucun quiz correspondant
Distribution des résultats
% des personnes avec chaque résultat
Percentile par nombre de réponses
Votre historique - résultats
Vous n’avez pas pris ce quiz